| 000 | 00866cab a2200241 4500 | ||
|---|---|---|---|
| 001 | ABS58258 | ||
| 008 | 090401t1998 xxu||||| |||| 00| 0 eng d | ||
| 035 | _a(Sirsi) u84643 | ||
| 041 | _aeng | ||
| 100 | _aSantry, C. | ||
| 245 | _aChecking out the airport sector | ||
| 260 | _c1998 | ||
| 350 | _a0 | ||
| 490 |
_aContract Journal _v392(6164) 25 February 1998, 16-17(2) |
||
| 520 | _aReviews the airport sector in the UK and the benefits for the construction industry, with increasing demands for bigger terminal buildings and, in the case of Manchester, a second runway. List of airport sector planning applications and top ten contractors. | ||
| 650 | _aAIRPORT PROPERTY | ||
| 650 | _aAIRPORT REDEVELOPMENT | ||
| 650 | _aAIRPORTS | ||
| 650 | _aMANCHESTER AIRPORT | ||
| 690 | _aBUILDING AND CONSTRUCTION-PROJECTS | ||
| 942 | _n0 | ||
| 948 | _c04/03/1998 | ||
| 999 |
_c53213 _d53213 |
||